000 00355pab a2200157 454500
008 180718b2011 xxu||||| |||| 00| 0 eng d
100 _aSmith, Dennis
245 _aDisplacement and reconciliation
260 _c2011
300 _ap.590-594.
362 _aSep
650 _aPeacemaking
773 _aCurrent Sociology
908 _aN
909 _a93286
999 _c93286
_d93286